000 01304nam a22003254a 4500
001 ebr10120194
003 CaPaEBR
006 m u
007 cr cn|||||||||
008 990701s2000 nyu sb 001 0 eng
020 _z0814404278 (alk. paper)
040 _aCaPaEBR
_cCaPaEBR
035 _a(OCoLC)44961654
050 1 4 _aTS156
_b.B563 2000eb
082 0 4 _a658.5/62
_221
100 1 _aBhote, Keki R.,
_d1925-
245 1 0 _aWorld class quality
_h[electronic resource] :
_busing design of experiments to make it happen /
_cKeki R. Bhote, Adi K. Bhote.
250 _a2nd ed.
260 _aNew York :
_bAmerican Management Association,
_c2000.
300 _axxiv, 487 p.
504 _aIncludes bibliogaphical references (p. 479-480) and index.
533 _aElectronic reproduction.
_bPalo Alto, Calif. :
_cebrary,
_d2013.
_nAvailable via World Wide Web.
_nAccess may be limited to ebrary affiliated libraries.
650 0 _aQuality control
_xStatistical methods.
650 0 _aProcess control
_xStatistical methods.
650 0 _aExperimental design.
655 7 _aElectronic books.
_2local
700 1 _aBhote, Adi K.
710 2 _aebrary, Inc.
856 4 0 _uhttp://site.ebrary.com/lib/rucke/Doc?id=10120194
_zAn electronic book accessible through the World Wide Web; click to view
999 _c111979
_d111979